| 000 | 01044nam a22002777a 4500 | ||
|---|---|---|---|
| 003 | dpl | ||
| 005 | 20180830142915.0 | ||
| 008 | 180830b xxu||||| |||| 00| 0 eng d | ||
| 010 | _aB-049599 | ||
| 020 | _c275.00 | ||
| 035 | _aB-049599, B-049603 | ||
| 037 | _bCen Lib/Ret | ||
| 040 |
_aDPL _bHN _c0 |
||
| 082 |
_aउ _bनानक |
||
| 100 |
_aनानक सिंह _960254 |
||
| 245 |
_aएक म्यान दो तलवारें / _cनानक सिंह |
||
| 246 |
_aEk myan do talwaren / _bby Nanak Singh |
||
| 260 |
_a दिल्ली _bइंद्रप्रस्थ प्रकाशन |
||
| 270 |
_aके-71, कृष्णनगर _bनयी दिल्ली _e110051 |
||
| 300 |
_a327पृ. _c19सेमी(सजिल्द ) |
||
| 650 |
_aहिंदी साहित्य _x _z _960255 |
||
| 650 |
_aहिंदी उपन्यास _960256 |
||
| 650 |
_aHindi literature _v _960257 |
||
| 650 |
_aHindi fiction _927248 |
||
| 942 |
_2ddc _cHN _hउ _mनानक |
||
| 999 |
_c115174 _d115174 |
||